000
00285nam a22001097a 4500
020
_a
0134233697
100
_a
MATO ANTHEA,HOPKINS JEAN,JOHNSON SUSAN, et al
245
_a
MATTER:building block of the universe
260
_a
USA
_b
PRENTICE HALL
_c
1997
300
_a
172
_b
ILL
942
_c
BK
999
_c
251123
_d
251123